Luật thuế thu nhập doanh nghiệp

Luật này quy định thuết thu nhập doanh nghiệp

שמור ב:
מידע ביבליוגרפי
Nhiều tác giả của công ty: Việt Nam (cộng hòa Xã hội chủ nghĩa), Quốc hội
פורמט: ספר
שפה:Undetermined
יצא לאור: Hà Nội Chính trị Quốc gia 2003
נושאים:
תגים: הוספת תג
אין תגיות, היה/י הראשונ/ה לתייג את הרשומה!
Thư viện lưu trữ: Trung tâm Học liệu Trường Đại học Cần Thơ
LEADER 00864nam a2200241Ia 4500
001 CTU_136872
008 210402s9999 xx 000 0 und d
020 |c 2700 
082 |a 343.597052 
082 |b V308 
110 |a Việt Nam (cộng hòa Xã hội chủ nghĩa) 
110 |b Quốc hội 
245 0 |a Luật thuế thu nhập doanh nghiệp 
245 0 |c Việt Nam (cộng hòa Xã hội chủ nghĩa). Quốc hội 
260 |a Hà Nội 
260 |b Chính trị Quốc gia 
260 |c 2003 
520 |a Luật này quy định thuết thu nhập doanh nghiệp 
650 |a Business tax,Trung tâm Học liệu ĐHCT 
650 |x Law and legislation,Luật thuế kinh doanh 
650 |z Vietnam 
904 |i Năm 
980 |a Trung tâm Học liệu Trường Đại học Cần Thơ